Frente al bosque de pinos /

Esta obra se detiene y se entretiene en los paisajes de pinos, de viento y de mar de la Necochea natal de Juan Fernando García. La belleza natural del lugar se funde con las estrofas mínimas que hablan del amor y de la humanidad. Sin estridencias ni grandilocuencias, en un ejercicio propio de los ha...

Descripción completa

Guardado en:
Autor Principal: García, Juan Fernando.
Formato: Libro
Idioma:Undetermined
Publicado: Munro : Patronus, 2023.
Edición:1a ed.
Series:Identidades bonaerenses
Materias:
Etiquetas: Agregar Etiqueta
Sin Etiquetas, Sea el primero en etiquetar este registro!
LEADER 01488nam a22002655a 4500
001 CEM.cems024785
008 250710s2023####ag############000#0#und#d
005 20250822080317.0
245 1 0 |a Frente al bosque de pinos /  |c Juan Fernando García. 
250 |a 1a ed. 
260 |a Munro :  |b Patronus,  |c 2023. 
300 |a 34 p. 
490 1 |a Identidades bonaerenses 
500 |a Edición especial de la Dirección de Cultura y Educación de la Provincia de Buenos Aires. 
500 |a Sugerencia de edad: a partir de ciclo orientado. Requiere acompañamiento docente. 
520 |a Esta obra se detiene y se entretiene en los paisajes de pinos, de viento y de mar de la Necochea natal de Juan Fernando García. La belleza natural del lugar se funde con las estrofas mínimas que hablan del amor y de la humanidad. Sin estridencias ni grandilocuencias, en un ejercicio propio de los haikus japoneses, el autor busca atrapar momentos de felicidad, fugaces y eternos. Poemas de amor al mar, al río, al bosque y a una pareja. 
020 |a 9789874848871 
100 1 |a García, Juan Fernando. 
653 |a Poesía argentina 
653 |a Literatura argentina 
653 |a Identidades bonaerenses 
859 |a CEMS  |b BIB. CEMS - Agricultura  |h A861.4  |i G216  |p A3959.25  |t Ej.1 
859 |a CEMS  |b BIB. CEMS - Ccias. Educacion  |h A861.4  |i G216  |k CE  |p 30090.25  |t Ej.1 
859 |a CEMS  |b BIB. CEMS - 11 de abril  |h A861.4  |i G216  |p 30088.25  |t Ej.1 
859 |a CEMS  |b BIB. CEMS - 11 de abril  |h A861.4  |i G216  |p 30089.25  |t Ej.2